| 000 | 00580nam a2200181 a 4500 | ||
|---|---|---|---|
| 005 | 20140311163039.0 | ||
| 008 | 110928s19uu xx 00 eng d | ||
| 020 | _a9780120887767 | ||
| 050 |
_aQL 812.5 _b.Iu92 2007 |
||
| 100 | _aDe Iuliis, Gerardo | ||
| 245 |
_aThe dissection of vertebrates : _ba laboratory manual / _cGerardo De Iuliis and Dino Pulera. |
||
| 260 |
_aAmsterdam : _bElsevier, _c2007. |
||
| 300 |
_a274 p. : _bill. col. ; _c28 cm. |
||
| 650 |
_aVertebrates _xDissection _xLaboratory manuals |
||
| 700 | _aPulera, Dino | ||
| 942 |
_cBK _2lcc _kFOR |
||
| 999 |
_c39718 _d39718 |
||